| 000 | 01058cam a22002651i 4500 | ||
|---|---|---|---|
| 003 | SA-RiAUC | ||
| 005 | 20241009150245.0 | ||
| 008 | 241005s1981 ua g 00000bara c | ||
| 040 |
_aSA-RiAUC _bara _cSA-RiAUC _erda |
||
| 082 | 0 | 4 |
_a922.58 _qSA-RiAUC |
| 090 |
_a922.58 _b ع ب د |
||
| 100 | 1 |
_aعبد الرحمن، جلال الدين، _dتوفي 1427 هجري _eمؤلف. |
|
| 245 | 1 | 2 |
_aالقاضي ناصر الدين البيضاوي و آثره في أصول الفقه / _cجلال الدين عبد الرحمن. |
| 250 | _aالطبعة الأولى. | ||
| 264 | 1 |
_aالقاهرة : _b[الناشر غير محدد]، _c1981 |
|
| 264 | 3 |
_a[مكان الطبع غير محدد] : _bمطبعة السعادة |
|
| 300 |
_a624 صفحة ؛ _c24 سم |
||
| 336 |
_aنص _btxt _2rdacontent _3كتاب |
||
| 337 |
_aبدون وسيط _bn _2rdamedia |
||
| 338 |
_aمجلد _bnc _2rdacarrier |
||
| 650 | 7 |
_aأصول الفقه الإسلامي _2aucsh |
|
| 650 | 7 | _aتراجم | |
| 942 |
_2ddc _cBOOK _n0 |
||
| 949 |
_aSA-JeALM _d241005 _umohamedma123 _n1 |
||
| 999 |
_c1092 _d1092 |
||